[Event "SF Beelen 2 - SC Klein-Berlin Rheine 2"]
[Site "Verbandsklasse 2018/2019"]
[Date "2018.12.08"]
[Round "4.6"]
[White "Radinger, Rudolf"]
[Black "Horstmann, Michael"]
[Result "0-1"]
[WhiteElo "1538"]
[BlackElo "1670"]
[PlyCount "148"]
[EventDate "2018.??.??"]
[SourceDate "2018.10.06"]

1. e4 d5 2. e5 Bf5 3. d4 e6 4. Nf3 Nd7 5. c3 c5 6. Be2 Ne7 7. O-O Nc6 8. a3 Be7
9. b4 cxd4 10. cxd4 O-O 11. Bb2 Nb6 12. Nbd2 Rc8 13. Rc1 Qd7 14. Nb3 Na4 15.
Ba1 Nb8 16. Nc5 Nxc5 17. bxc5 b6 18. cxb6 axb6 19. Qb3 Qa7 20. Bb2 Nc6 21. Bb5
Na5 22. Qa4 Rfd8 23. h3 h6 24. Rfd1 Be4 25. Nd2 Bf5 26. f4 Bh4 27. Kh2 Bf2 28.
Nf1 Bh4 29. Ne3 Be4 30. Rf1 Be7 31. g4 Qb7 32. f5 Bg5 33. Rce1 Bxe3 34. Rxe3
Rc2+ 35. Re2 Rdc8 36. Rff2 Rxe2 37. Rxe2 Qe7 38. Qb4 Qg5 39. Qe1 exf5 40. gxf5
Qf4+ 41. Qg3 Qxg3+ 42. Kxg3 Bxf5 43. Rf2 g6 44. h4 Nc4 45. Bxc4 Rxc4 46. h5 Ra4
47. hxg6 fxg6 48. Rf1 Ra5 49. Rf2 Rb5 50. Rd2 Rb3+ 51. Kh2 Kf7 52. Rf2 Kg7 53.
Bc1 Rb1 54. Bb2 Kf7 55. Kg3 Ke6 56. Kh2 g5 57. Bc3 Rb3 58. Bb4 Rd3 59. Rd2
Rxd2+ 60. Bxd2 b5 61. Kg3 Kf7 62. Be3 Kg6 63. Bd2 Be6 64. Bb4 Kf5 65. Kf3 h5
66. Be7 h4 67. Kg2 Ke4 68. Bxg5 h3+ 69. Kh2 Kxd4 70. Bf4 Ke4 71. Bg3 Kf3 72.
Be1 d4 73. Bd2 Ke2 74. Bf4 d3 0-1

[Event "SF Beelen 2 - SC Klein-Berlin Rheine 2"]
[Site "Verbandsklasse 2018/2019"]
[Date "2018.12.08"]
[Round "4.7"]
[White "Huesmann, Stephan"]
[Black "Gaebler, Marcel"]
[Result "0-1"]
[WhiteElo "1674"]
[BlackElo "1588"]
[PlyCount "52"]
[EventDate "2018.??.??"]
[SourceDate "2018.10.06"]

1. e4 c6 2. d4 d5 3. e5 Bf5 4. Ne2 e6 5. Ng3 Bg6 6. h4 h6 7. h5 Bh7 8. Bd3 Bxd3
9. Qxd3 Nd7 10. f4 Qc7 11. Be3 O-O-O 12. Kf2 Ne7 13. Rc1 f6 14. Nd2 Rg8 15. c4
g5 16. cxd5 Nxd5 17. fxg5 f5 18. Nxf5 exf5 19. Qxf5 Nxe3 20. Kxe3 Rxg5 21. Qh3
Kb8 22. Ne4 Rg7 23. Rc2 c5 24. Nxc5 Nxc5 25. Rac1 Qd7 26. Qxd7 Nxd7 0-1

[Event "SF Beelen 2 - SC Klein-Berlin Rheine 2"]
[Site "Verbandsklasse 2018/2019"]
[Date "2018.12.08"]
[Round "4.8"]
[White "Wiengarten, Ralf"]
[Black "Pohlmeier, Ulrich"]
[Result "1-0"]
[WhiteElo "1566"]
[BlackElo "1584"]
[PlyCount "55"]
[EventDate "2018.??.??"]
[SourceDate "2018.10.06"]

1. Nf3 Nf6 2. d4 e6 3. c4 Bb4+ 4. Nc3 O-O 5. Bg5 h6 6. Bh4 d6 7. Qc2 Nbd7 8. e4
e5 9. Bd3 Re8 10. O-O Bxc3 11. Qxc3 g5 12. Bg3 Nh5 13. dxe5 dxe5 14. Be2 Nf4
15. Bxf4 gxf4 16. Rad1 Qf6 17. c5 c6 18. Rd6 Qg7 19. Nh4 Nf6 20. Qd3 Be6 21.
Nf5 Bxf5 22. exf5 Nd5 23. Qh3 Rad8 24. Rxh6 Kf8 25. Qh4 Kg8 26. f6 Nxf6 27.
Qxf6 f3 28. Bxf3 1-0

[Event "SC Rochade Emsdetten 3 - Schach Nienber"]
[Site "Verbandsklasse 2018/2019"]
[Date "2018.12.08"]
[Round "4.1"]
[White "Melkert, Tim"]
[Black "Bahr, Maximilian"]
[Result "1-0"]
[WhiteElo "1912"]
[BlackElo "1699"]
[PlyCount "61"]
[EventDate "2018.??.??"]
[SourceDate "2018.10.06"]

1. e4 d5 2. exd5 Nf6 3. Bb5+ Bd7 4. Bc4 b5 5. Bb3 a5 6. a3 a4 7. Ba2 Bg4 8. f3
Bh5 9. Nc3 Qd7 10. d3 Na6 11. Nge2 Rb8 12. g4 Bg6 13. Nf4 c6 14. h4 h6 15. Nxg6
fxg6 16. Bf4 Rd8 17. dxc6 Qxc6 18. Qe2 b4 19. axb4 Nxb4 20. Bc4 Qb7 21. Nb5 Nc6
22. Qe6 Rd7 23. Bc7 Nd8 24. Bxd8 Qxf3 25. Rf1 Qg3+ 26. Kd2 Qg2+ 27. Kc3 Kxd8
28. Rxa4 Nxg4 29. Qb6+ Kc8 30. Be6 Qb7 31. Ra8+ 1-0

[Event "SC Rochade Emsdetten 3 - Schach Nienber"]
[Site "Verbandsklasse 2018/2019"]
[Date "2018.12.08"]
[Round "4.2"]
[White "Gerighausen, Karl Heinz"]
[Black "Schipke, Thorsten"]
[Result "1-0"]
[WhiteElo "1656"]
[BlackElo "1860"]
[PlyCount "55"]
[EventDate "2018.??.??"]
[SourceDate "2018.10.06"]

1. e4 d5 2. exd5 Nf6 3. Nc3 Nxd5 4. Nxd5 Qxd5 5. d4 Nc6 6. Be3 Bf5 7. c3 O-O-O
8. Nf3 f6 9. Bd3 Bg4 10. Be2 e5 11. dxe5 Qa5 12. Qc2 h5 13. O-O Nxe5 14. b4 Qd5
15. Rfd1 Nxf3+ 16. Bxf3 Qe5 17. Rxd8+ Kxd8 18. Bd4 Qg5 19. Bxb7 Bd6 20. Re1 h4
21. Bc6 Qf4 22. g3 hxg3 23. fxg3 Qh6 24. Be3 g5 25. Qf2 f5 26. Bd4 Rf8 27. Qe3
Qg6 28. Bf6+ 1-0

[Event "SC Rochade Emsdetten 3 - Schach Nienber"]
[Site "Verbandsklasse 2018/2019"]
[Date "2018.12.08"]
[Round "4.3"]
[White "Wetterau, Georg"]
[Black "Colmer, Willi"]
[Result "1/2-1/2"]
[WhiteElo "1804"]
[BlackElo "1782"]
[PlyCount "60"]
[EventDate "2018.??.??"]
[SourceDate "2018.10.06"]

1. e4 c5 2. Nf3 g6 3. c3 Bg7 4. Bc4 Nc6 5. O-O e6 6. d4 d5 7. exd5 exd5 8. Bb5
Qb6 9. Qe2+ Nge7 10. dxc5 Qxc5 11. Be3 Qd6 12. Bd4 O-O 13. Bxg7 Kxg7 14. Qd2 a6
15. Be2 Nf5 16. Na3 b5 17. Nc2 Bb7 18. Rad1 Rad8 19. Ncd4 Nfxd4 20. Nxd4 Qf6
21. Bf3 Ne5 22. Be2 Nc4 23. Qc2 Rfe8 24. b3 Nd6 25. Rd3 Rc8 26. f3 b4 27. Qd2
bxc3 28. Rxc3 Rxc3 29. Qxc3 Rc8 30. Qd2 Nf5 1/2-1/2

[Event "SC Rochade Emsdetten 3 - Schach Nienber"]
[Site "Verbandsklasse 2018/2019"]
[Date "2018.12.08"]
[Round "4.4"]
[White "Schulte, Ralf"]
[Black "Weist, Thorsten"]
[Result "1/2-1/2"]
[WhiteElo "1789"]
[BlackElo "1724"]
[PlyCount "85"]
[EventDate "2018.??.??"]
[SourceDate "2018.10.06"]

1. d4 Nf6 2. Nf3 g6 3. Bf4 d6 4. h3 Bg7 5. e3 O-O 6. Be2 Nbd7 7. O-O Re8 8. c4
e5 9. Bh2 exd4 10. exd4 Ne4 11. Nc3 Nxc3 12. bxc3 Nb6 13. Re1 Be6 14. Qb3 Qd7
15. a4 a5 16. Bf4 Re7 17. Be3 Rae8 18. Red1 Qc8 19. Bd3 Bf5 20. Ne1 Bxd3 21.
Nxd3 Qe6 22. Nb2 Kh8 23. Rac1 f5 24. d5 Qe4 25. Bd4 Qf4 26. c5 Bxd4 27. cxd4
dxc5 28. dxc5 Nd7 29. d6 cxd6 30. cxd6 Re6 31. Nc4 Re2 32. Rf1 b6 33. Nxb6 Qxd6
34. Qc3+ Kg8 35. Nxd7 Qxd7 36. Qxa5 R2e4 37. Qb5 Qxb5 38. axb5 Rb8 39. Rb1 Re5
40. b6 Re6 41. b7 Re7 42. Rfc1 Rbxb7 43. Rxb7 1/2-1/2

[Event "SC Rochade Emsdetten 3 - Schach Nienber"]
[Site "Verbandsklasse 2018/2019"]
[Date "2018.12.08"]
[Round "4.5"]
[White "Schulte Austum, Frank"]
[Black "Fuhrmann, Andreas"]
[Result "1/2-1/2"]
[WhiteElo "1738"]
[BlackElo "1641"]
[PlyCount "45"]
[EventDate "2018.??.??"]
[SourceDate "2018.10.06"]

1. d4 e6 2. Nf3 d5 3. Bf4 Nf6 4. e3 c5 5. c3 Nc6 6. Nbd2 Bd6 7. Bg3 O-O 8. Bd3
b6 9. Ne5 Bb7 10. f4 Ne7 11. Qf3 Nf5 12. Bf2 Be7 13. Ng4 Nd6 14. Nxf6+ Bxf6 15.
O-O cxd4 16. cxd4 Rc8 17. Rac1 Qd7 18. Qe2 Rxc1 19. Rxc1 Rc8 20. Qd1 Rxc1 21.
Qxc1 g6 22. Qc2 Qc6 23. Qxc6 1/2-1/2

[Event "SC Rochade Emsdetten 3 - Schach Nienber"]
[Site "Verbandsklasse 2018/2019"]
[Date "2018.12.08"]
[Round "4.6"]
[White "Hoppe, Nico"]
[Black "Kluczka, Konrad"]
[Result "0-1"]
[WhiteElo "1652"]
[BlackElo "1776"]
[PlyCount "114"]
[EventDate "2018.??.??"]
[SourceDate "2018.10.06"]

1. e4 e5 2. Nf3 Nc6 3. Bc4 Nf6 4. d3 Be7 5. c3 O-O 6. O-O d6 7. Re1 Na5 8. Bb5
Bd7 9. Ba4 b5 10. Bc2 c5 11. Nbd2 Nc6 12. Nf1 Bg4 13. h3 Be6 14. Bg5 Nd7 15.
Bxe7 Qxe7 16. Ne3 Nb6 17. b3 a5 18. c4 b4 19. Nd5 Bxd5 20. exd5 Nd4 21. Nxd4
cxd4 22. Qg4 f5 23. Qxd4 Nd7 24. f4 Qf6 25. fxe5 Nxe5 26. Qf2 Qg5 27. d4 Ng6
28. Re3 f4 29. Re6 Nh4 30. Rae1 f3 31. g3 Ng2 32. R1e4 Nf4 33. Rxf4 Rxf4 34.
Kh2 Rf7 35. Rxd6 Qc1 36. Re6 Qxc2 37. Qxc2 f2 38. Qe2 f1=Q 39. Qxf1 Rxf1 40. d6
Rd1 41. d5 Rd8 42. Kg2 Rd7 43. c5 Rxd5 44. c6 R7xd6 45. c7 Rd2+ 46. Kf1 Rd1+
47. Kf2 Rxe6 48. c8=Q+ Kf7 49. Qb7+ Kf8 50. Qa8+ Kf7 51. Qxa5 Rd2+ 52. Kf3 Rd3+
53. Kf2 Rd2+ 54. Kf3 Rd3+ 55. Kf4 Rd4+ 56. Kg5 Rde4 57. Qf5+ Kg8 0-1

[Event "SC Rochade Emsdetten 3 - Schach Nienber"]
[Site "Verbandsklasse 2018/2019"]
[Date "2018.12.08"]
[Round "4.7"]
[White "Scharlow, Siegmar"]
[Black "Willermann, Norbert"]
[Result "1-0"]
[WhiteElo "1689"]
[BlackElo "1590"]
[PlyCount "35"]
[EventDate "2018.??.??"]
[SourceDate "2018.10.06"]

1. d4 Nf6 2. c4 c5 3. d5 b5 4. cxb5 a6 5. Nc3 axb5 6. e4 b4 7. Nb5 d6 8. Bf4
Nbd7 9. Bd3 g6 10. Nf3 Nh5 11. Bg5 Qb6 12. O-O Bg7 13. Qe2 Ne5 14. Nxe5 Bxe5
15. f4 c4+ 16. Qf2 Qxb5 17. fxe5 cxd3 18. Qxf7+ 1-0

[Event "SC Rochade Emsdetten 3 - Schach Nienber"]
[Site "Verbandsklasse 2018/2019"]
[Date "2018.12.08"]
[Round "4.8"]
[White "Schneider, Richard"]
[Black "Hagemann, Lars"]
[Result "1-0"]
[WhiteElo "1518"]
[BlackElo "1683"]
[PlyCount "119"]
[EventDate "2018.??.??"]
[SourceDate "2018.10.06"]

1. d4 Nf6 2. c4 e6 3. Nf3 b6 4. e3 Bb7 5. Be2 d5 6. O-O Bd6 7. Nc3 O-O 8. b3 a6
9. Bb2 Nbd7 10. Rc1 Qe7 11. cxd5 Nxd5 12. Nxd5 Bxd5 13. Qc2 Nf6 14. Nd2 Bb7 15.
Bf3 Bxf3 16. Nxf3 c5 17. dxc5 Bxc5 18. Ng5 e5 19. Qf5 h6 20. Ne4 Nxe4 21. Qxe4
Rfe8 22. Rfd1 Ba3 23. Rc2 Bxb2 24. Rxb2 Red8 25. Rbd2 Rac8 26. h3 Rxd2 27. Rxd2
b5 28. Qf5 Rc1+ 29. Kh2 Rc7 30. Qe4 Qf6 31. Rd5 Rc8 32. Rxe5 Qxf2 33. Re8+ Rxe8
34. Qxe8+ Kh7 35. Qe4+ f5 36. Qe6 a5 37. Qe5 Qf1 38. a4 bxa4 39. bxa4 Qf2 40.
Qxa5 h5 41. Qe5 g6 42. a5 Qe2 43. Qe7+ Kh6 44. Qe8 h4 45. Qh8+ Kg5 46. Qd8+ Kh5
47. Qd4 Qe1 48. Qe5 Qe2 49. Qd5 Kh6 50. Qe5 Qa6 51. Qf4+ g5 52. Qxf5 Qd6+ 53.
Kg1 Qd1+ 54. Qf1 Qd2 55. a6 Qxe3+ 56. Kh1 Kg6 57. Qb1+ Kf7 58. a7 Qa3 59. Qb7+
Kg6 60. Qb8 1-0